Examining claims of fraud and deception in Australian Aboriginal art (Record no. 74476)

MARC details
000 -LEADER
fixed length control field 00819cab a2200229 4500
001 - CONTROL NUMBER
control field ABS67977
008 - FIXED-LENGTH DATA ELEMENTS--GENERAL INFORMATION
fixed length control field 040721n2004 000 0 eng u
035 ## - SYSTEM CONTROL NUMBER
System control number (Sirsi) u126873
100 ## - MAIN ENTRY--PERSONAL NAME
Personal name Alder, C.
245 ## - TITLE STATEMENT
Title Examining claims of fraud and deception in Australian Aboriginal art
260 ## - PUBLICATION, DISTRIBUTION, ETC.
Date of publication, distribution, etc. 2004
490 ## - SERIES STATEMENT
Series statement Art Antiquity and Law
Volume/sequential designation 9(2) June 2004, 117-142(25)
520 ## - SUMMARY, ETC.
Summary, etc. Focuses on issues such as establishing authenticity of works of art, fraud and fakery and establishing provenance. The article concentrates on Aboriginal art but the issues raised are relevant when dealing with any works of art.
590 ## - LOCAL NOTE (RLIN)
Local note ABS
650 ## - SUBJECT ADDED ENTRY--TOPICAL TERM
Topical term or geographic name entry element WORKS OF ART
650 ## - SUBJECT ADDED ENTRY--TOPICAL TERM
Topical term or geographic name entry element FRAUD
650 ## - SUBJECT ADDED ENTRY--TOPICAL TERM
Topical term or geographic name entry element PROVENANCE
650 ## - SUBJECT ADDED ENTRY--TOPICAL TERM
Topical term or geographic name entry element CULTURAL OBJECTS
690 ## - LOCAL SUBJECT ADDED ENTRY--TOPICAL TERM (OCLC, RLIN)
Topical term or geographic name as entry element Arts and antiques
9 (RLIN) 6217
700 ## - ADDED ENTRY--PERSONAL NAME
Personal name Polk, K.
942 ## - ADDED ENTRY ELEMENTS (KOHA)
Suppress in OPAC 0
Holdings
Withdrawn status Lost status Source of classification or shelving scheme Damaged status Not for loan Home library Current library Shelving location Date acquired Total Checkouts Full call number Barcode Date last seen Copy number Price effective from Koha item type
    Dewey Decimal Classification     London London Journal article 21/07/2004   ABS67977 126873-1001 06/08/2019 1 06/08/2019 Journal article